| 000 | 00500nam a2200181Ia 4500 | ||
|---|---|---|---|
| 999 |
_c35936 _d35936 |
||
| 003 | OSt | ||
| 005 | 20201218104025.0 | ||
| 008 | 190216s9999||||xx |||||||||||||| ||und|| | ||
| 020 | _a9780582556195 | ||
| 040 | _coclc | ||
| 082 |
_a428 _bGRE/G |
||
| 100 |
_aGreenbaum, Sidney _96431 |
||
| 245 | 0 |
_aGuide To English Usage / _cSidney Greenbaum |
|
| 260 |
_bLongmans, _c1988. _aUK: |
||
| 300 | _a786p | ||
| 650 | _aEnglish Dictionary | ||
| 942 |
_cREF _2ddc _h428 _iGRE/G _k428 _mGRE/G |
||